Skúmanie vlastností nanokompozitných materiálov pre aditívnu výrobu
Uložené v:
| Hlavný autor: | |
|---|---|
| Ďalší autori: | |
| Médium: | Rukopis Kniha |
| Jazyk: | Slovak |
| Vydavateľské údaje: |
2025
|
| Predmet: | |
| On-line prístup: | http://is.stuba.sk/zp/portal_zp.pl?podrobnosti=178216 |
| Tagy: |
Žiadne tagy, Buďte prvý, kto otaguje tento záznam!
|
MARC
| LEADER | 00000ntm a22000003a 4500 | ||
|---|---|---|---|
| 001 | stuzp106390 | ||
| 003 | SK-STU | ||
| 005 | 20250621210716.4 | ||
| 007 | ta | ||
| 008 | 150427s2015----xo-----f-mn---000-0-slo-d | ||
| 040 | |a STU |b slo | ||
| 041 | 0 | |a slo | |
| 100 | 1 | |a Zembjak, Dominik |u 020070 |4 aut |U SjF Strojnícka fakulta |T SjF Ústav výrobného inžinierstva a kvality produkcie |X 98732 |U J0070 |Y 804 |7 98732 | |
| 242 | 0 | 1 | |a Research on properties of nanocomposite materials for additive manufacturing |y eng |
| 245 | 1 | 0 | |a Skúmanie vlastností nanokompozitných materiálov pre aditívnu výrobu |
| 260 | |c 2025 | ||
| 650 | 4 | |a aditívna výroba |2 slo | |
| 650 | 4 | |a nanokompozit |2 slo | |
| 650 | 4 | |a uhlíkové nanoplnivá |2 slo | |
| 650 | 4 | |a grafénové nanoplatničky |2 slo | |
| 650 | 4 | |a uhlíkové nanovlákna |2 slo | |
| 650 | 4 | |a SLS |2 slo | |
| 650 | 4 | |a SLA |2 slo | |
| 650 | 4 | |a elektrická vodivosť |2 slo | |
| 650 | 4 | |a 3D tlač |2 slo | |
| 650 | 4 | |a nanocomposite |2 eng | |
| 650 | 4 | |a carbon nanofillers |2 eng | |
| 650 | 4 | |a graphene nanoplatelets |2 eng | |
| 650 | 4 | |a carbon nanofibers |2 eng | |
| 650 | 4 | |a additive manufacturing |2 eng | |
| 650 | 4 | |a SLS |2 eng | |
| 650 | 4 | |a SLA |2 eng | |
| 650 | 4 | |a electrical conductivity |2 eng | |
| 650 | 4 | |a 3D printing |2 eng | |
| 700 | 1 | |a Beniak, Juraj |u 020070 |k Z1 |4 ths |U SjF Strojnícka fakulta |T SjF Ústav výrobného inžinierstva a kvality produkcie |X 2226 |U J0070 |Y 804 |7 A000002226 | |
| 856 | 4 | |u http://is.stuba.sk/zp/portal_zp.pl?podrobnosti=178216 | |